00517nam a2200145Ia 4500003000900000008004100009020002600050040001600076100002600092245006500118260003200183300002000215490003300235856010300268IN-BaIIA211028s9999 xx s 000 0 eng d a9780819493132 (Print) cIIA Library aShimura, Tsutomu, ed. 0aOptoelectronic Imaging and Multimedia Technology IIh[eBook] aWashington, USAbSPIEc2012 aOnline resource aProceedings of SPIE; V. 8558 uhttps://www.spiedigitallibrary.org/conference-proceedings-of-spie/8558yClick Here to Access eBook